| 000 | 01094nam a22002657a 4500 | ||
|---|---|---|---|
| 005 | 20091214153337.0 | ||
| 008 | 091214t xxu||||| |||| 00| 0 eng d | ||
| 020 |
_a9788187967750 (vol.1) _c495.00 |
||
| 020 |
_a8187967757 _c495.00 |
||
| 020 |
_a9788187967132 (vol.2) _c495.00 |
||
| 020 |
_a8187967137 _c495.00 |
||
| 037 | _bBlueberry Books | ||
| 040 |
_adpl _bEnglish |
||
| 245 |
_aValmiki's Ramayan / _cretold by Sunita Pant Bansal; illustrated by Suddhasattwa Basu |
||
| 260 |
_aNew Delhi _bSmriti Books _c2008 |
||
| 270 |
_aG-1, Pusa Apartments, Sector-15, Rohini _bNew Delhi _e110085 |
||
| 300 |
_a2 vol. (159p.; 158p.) _bcol. ill. _c24cm(pbk) |
||
| 500 | _aThis book published in 2 vol. | ||
| 700 | _aBansal, Sunita Pant | ||
| 700 | _aBasu, Suddhasattwa | ||
| 942 |
_2ddc _cCH _mVAL |
||
| 999 |
_c32807 _d32807 |
||